Bringing back the attractiveness to the plantation industry (Record no. 54968)

MARC details
000 -LEADER
fixed length control field 00318nam a2200121Ia 4500
100 ## - MAIN ENTRY--AUTHOR NAME
Personal name RamNaidu
245 #0 - TITLE STATEMENT
Title Bringing back the attractiveness to the plantation industry
260 ## - PUBLICATION, DISTRIBUTION, ETC. (IMPRINT)
Name of publisher Planter
Year of publication 1999
300 ## - PHYSICAL DESCRIPTION
Number of Pages 613-624
650 ## - SUBJECT ADDED ENTRY--TOPICAL TERM
Topical Term Plantation industry
942 ## - ADDED ENTRY ELEMENTS (KOHA)
Koha item type Journals
Holdings
Withdrawn status Lost status Damaged status Not for loan Home library Current library Shelving location Date acquired Serial Enumeration / chronology Koha item type
      Journals RRII Library RRII Library Rubber general 17/12/2021 Volume 75, Issue 884 Journals